Movies Quiz

Random Movies or Role Quiz

Pre-Oscar Filmographies (2010 Best Actor) Quiz Stats

Quiz not verified by Sporcle

Score 0/56 Timer 10:00
0 Plays Today
% Correct
The Social Network
92.8%
The King's Speech
91.7%
127 Hours
86.9%
No Country for Old Men
86.7%
Spider-Man 3
83.5%
True Grit
81.8%
Crazy Heart
81.4%
Zombieland
73.9%
Biutiful
66.9%
A Single Man
62.5%
TRON: Legacy
60%
Iron Man
59.3%
Adventureland
58%
Vicky Cristina Barcelona
57.8%
Milk
56.4%
Pineapple Express
56.4%
Eat Pray Love
53.4%
Eat Pray Love
51.9%
The Men Who Stare at Goats
50.6%
Date Night
46.2%
Mamma Mia!
35.8%
A Christmas Carol
35.4%
Surf's Up
31.3%
Flyboys
23.2%
Annapolis
21.6%
Tristan & Isolde
20.7%
Howl
17.8%
In the Valley of Elah
17.4%
% Correct
St. Trinian's
16.2%
Love in the Time of Cholera
11.2%
Goya's Ghosts
10.8%
St. Trinian's II
10.8%
Dorian Gray
10%
How to Lose Friends &...
9.5%
Holy Rollers
8%
Stick It
7.6%
Solitary Man
7.4%
The Accidental Husband
7.2%
The Last Legion
5.6%
The Hunting Party
5.1%
The Education of Charlie
Banks
5.1%
Easy Virtue
4.4%
The Open Road
4%
And When Did You Last...
3.9%
Then She Found Me
3.6%
Genova
3.4%
Main Street
3.4%
Good Time Max
3.1%
An American Crime
3.1%
The Dead Girl
3.1%
The Living Wake
3%
One Day Like Rain
2.8%
Finishing the Game
2.8%
Camille
2.7%
Camp Hope
2.3%
William Vincent
1.9%

You're not logged in!

Compare scores with friends on all Sporcle quizzes.
Sign Up with Email
OR
Log In

You Might Also Like...

Show Comments

Extras

Top Quizzes Today


Score Distribution

Your Account Isn't Verified!

In order to create a playlist on Sporcle, you need to verify the email address you used during registration. Go to your Sporcle Settings to finish the process.